| 000 | 00794nam a2200241Ia 4500 | ||
|---|---|---|---|
| 001 | 1148 | ||
| 003 | GE_BSU | ||
| 008 | 181216s||||||||xx |||||||||||||| ||und|| | ||
| 040 | _cGE_BSU | ||
| 080 | _a581.526.42(075.8)+582.5/9+630.1 | ||
| 100 | _aმირზაშვილი, ვ.ი. | ||
| 245 | _aდენდროლოგია. ნაწ. 2 | ||
| 245 | _bნაწ. 2 : ფარულთესლიანები | ||
| 245 | _cრედ.კეცხოველი,ნ | ||
| 260 | _aთბილისი | ||
| 260 | _bთბილისის ასხ.უნ–ტის | ||
| 260 | _c1948 | ||
| 300 | _a840 გვ. 23 სმ. | ||
| 541 | _h10 ლ. | ||
| 653 | _aდენდროლოგია | ||
| 653 | _aფარულთესლიანები | ||
| 942 | _cBK | ||
| 999 |
_c35298 _d35298 |
||